Detalles MARC
| 000 -LÍDER |
| Campo fijo de descripción fija |
02261cam a2200373 i 4500 |
| 001 - NÚMERO DE CONTROL |
| Campo de control |
768714001 |
| 003 - IDENTIFICADOR DEL NÚMERO DE CONTROL |
| Campo de control |
CO-MdFUSB |
| 005 - FECHA Y HORA DE LA ULTIMA TRANSACCIÓN |
| control field |
20220701154154.0 |
| 007 - CAMPO FIJO DE DESCRIPCIÓN FIJA--INFORMACIÓN GENERAL |
| Campo fijo de descripción fija |
ta |
| 008 - ELEMENTOS DE LONGITUD FIJA -- INFORMACIÓN GENERAL |
| Campo fijo de descripción fija -- Información general |
060622t2006 oru 001 0 eng d |
| 020 ## - NÚMERO INTERNACIONAL NORMALIZADO PARA LIBROS |
| Número Internacional Normalizado del libro |
1597525642 |
| 040 ## - FUENTE DE CATALOGACIÓN |
| Agencia de catalogación original |
D9B |
| Idioma de catalogación |
eng |
| Agencia que realiza la transcripción |
CO-MdFUSB |
| Agencia que realiza la modificación |
HNW |
| -- |
OCLCQ |
| -- |
TLE |
| -- |
YDXCP |
| -- |
OCLCF |
| -- |
BTA |
| -- |
OCLCA |
| -- |
OCLCQ |
| -- |
NZABT |
| -- |
UtOrBLW |
| Convenciones de la descripción |
rda |
| 041 ## - CÓDIGO DE IDIOMA |
| Código de idioma para texto/pista de sonido o título separado |
eng |
| 082 ## - NÚMERO DE CLASIFICACIÓN DECIMAL DEWEY |
| Número de la edición del Dewey |
23 |
| Número de clasificación |
231.72 |
| Clave de autor-Numero de item |
K65 |
| 100 1# - ASIENTO PRINCIPAL--NOMBRE PERSONAL |
| Nombre personal |
Kline, Meredith G. |
| Término relacionador |
autor |
| 245 10 - TÍTULO |
| Título del Material |
Kingdom prologue : |
| Parte restante del título - Subtitulo |
Genesis foundations for a covenantal worldview / |
| Mención de responsabilidad, etc. |
Meredith G. Kline. |
| 264 ## - PRODUCCIÓN, PUBLICACIÓN, DISTRIBUCIÓN, MANUFACTURA, Y COPYRIGHT |
| Lugar de producción, publicación, distribución, manufactura |
Eugene, OR : |
| Nombre del productor, publicador, distribuidor |
Wipf and Stock Publishers, |
| Fecha de producción, publicación, distribución, manufactura, o copyright |
[2006] |
| 264 ## - PRODUCCIÓN, PUBLICACIÓN, DISTRIBUCIÓN, MANUFACTURA, Y COPYRIGHT |
| Fecha de producción, publicación, distribución, manufactura, o copyright |
© 2006 |
| 300 ## - DESCRIPCIÓN FÍSICA |
| Extensión |
406 páginas ; |
| Dimensiones |
23 cm. |
| 336 ## - TIPO DE CONTENIDO |
| Término de tipo de contenido |
texto |
| Código de tipo de contenido |
txt |
| Fuente |
rdacontent. |
| 337 ## - TIPO DE MEDIO |
| Nombre del tipo de medio |
sin mediación |
| Código del tipo de medio |
n |
| Fuente |
rdamedia. |
| 338 ## - TIPO DE SOPORTE |
| Nombre del tipo de soporte |
volumen |
| Código Tipo de soporte |
nc |
| Fuente |
rdacarrier. |
| 500 ## - NOTA GENERAL |
| Nota General |
Incluye índice. |
| 505 ## - NOTA DE CONTENIDO |
| Nota de contenido con formato preestablecido |
Señor del reino del pacto -- Santo reino teocrático -- Ley de la teocracia de la creación -- Sanciones escatológicas -- Juicio del pacto -- Inauguración del pacto redentor -- Culto profético en la ciudad del hombre -- Señal de consumación del reino -- Reanudación del pacto de la gracia común -- El pacto redentor en el nuevo mundo -- El reino prometido en el pacto abrahámico -- La comunidad abrahámica anterior al reino. |
| 520 ## - NOTA DE RESUMEN, ETC. |
| Nota de sumario, etc. |
Como indica el subtítulo, 'Fundamentos de Génesis para una cosmovisión de pacto', el enfoque literario inmediato de este estudio es el libro de Génesis y su relato de las edades formativas en el movimiento escatológico del reino de Dios desde la creación hasta la consumación. Como también lo indica el subtítulo, nuestro comentario bíblico-teológico sobre Génesis está diseñado para descubrir los fundamentos del reino administrado por el pacto de Dios con sus principales desarrollos históricos y sus estructuras y funciones institucionales. De esta manera, 'Kingdom Prologue' busca brindar un bosquejo introductorio de la forma general de la cosmovisión bíblica y el carácter de la religión bíblica. |
| 563 ## - NOTA DE ENCUADERNACIÓN |
| Nota de encuadernación |
Rústico |
| 630 #7 - TITULO UNIFORME |
| Título uniforme |
Biblia. |
| Nombre de parte o sección de la obra |
Génesis |
| Subdivisión de materia general |
Teología |
| 650 #7 - ASIENTO SECUNDARIO DE MATERIA - TERMINO TEMÁTICO |
| 9 (RLIN) |
320 |
| Término temático o nombre geográfico como elemento de entrada |
Teología bíblica |
| 650 #7 - ASIENTO SECUNDARIO DE MATERIA - TERMINO TEMÁTICO |
| 9 (RLIN) |
213 |
| Término temático o nombre geográfico como elemento de entrada |
Escatología |
| 650 #7 - ASIENTO SECUNDARIO DE MATERIA - TERMINO TEMÁTICO |
| 9 (RLIN) |
219 |
| Término temático o nombre geográfico como elemento de entrada |
Reino de Dios |
| 942 ## - TIPO DE MATERIAL (KOHA) |
| Tipo de Item KOHA |
Libros General |
| 945 ## - INFORMACIÓN LOCAL DEL REGISTRO |
| Catalogador |
JTF-925 |